Financial Markets and Institutions / Fifth Edition (Record no. 5729)
[ view plain ]
| 000 -LEADER | |
|---|---|
| fixed length control field | 01301cam a22001934a 4500 |
| 005 - ΗΜΕΡΟΜΗΝΙΑ ΚΑΙ ΩΡΑ ΤΕΛΕΥΤΑΙΑΣ ΕΝΗΜΕΡΩΣΗΣ | |
| Πεδίο ελέγχου | 20250605164220.0 |
| 008 - FIXED-LENGTH DATA ELEMENTS--GENERAL INFORMATION | |
| Πεδίο ελέγχου σταθερού μήκους | 250528s ||||||||||||||||||||||||d |
| 035 ## - SYSTEM CONTROL NUMBER | |
| System control number | 20640 |
| 020 ## - ISBN | |
| ISBN | 324027443 |
| 040 ## - ΠΗΓΗ ΚΑΤΑΛΟΓΟΓΡΑΦΗΣΗΣ | |
| Φορέας πρωτότυπης καταλογογράφησης | MC Athens Campus Library |
| Γλώσσα καταλογογράφησης | Ελληνικά, Μοντέρνα (1453-) |
| Modifying agency | MC Athens Campus Library |
| Κανόνες περιγραφικής καταλογογράφησης | AACR2 |
| 245 1# - ΤΙΤΛΟΣ ΚΑΙ ΔΗΛΩΣΗ ΥΠΕΥΘΥΝΟΤΗΤΑΣ | |
| Τίτλος | Financial Markets and Institutions / Fifth Edition |
| 260 ## - PUBLICATION, DISTRIBUTION, ETC. | |
| Name of publisher, distributor, etc. | South-Western Publishing Co, |
| Date of publication, distribution, etc. | 2001 |
| 300 ## - PHYSICAL DESCRIPTION | |
| Extent | 734 |
| 520 ## - SUMMARY, ETC. | |
| Summary, etc. | Overview of the Financial Environment, Role of Financial Markets and Institutions, Determination of Interest Rates, Structure of Interest Rates, The Fed and Monetary Policy, Functions of the Fed, Monetary Theory and Policy, Debt Security Markets, Money Markets, Bond Markets, Bond Valuation and Risk, Mortage Markets, Equity Markets, Stock Markets, Stock Valuation and Risk, Derivative Security Markets, Financial Future Markets, Option Markets, Interest Rate Derivative Markets, Foreign Exchange Derivative Markets, Foreigm Exchange Derivative Markets, Commercial Banking, Commercial Risk Operations, Bank Regulation, Bank Management, Bank Performance, International Banking, Nonbank Operations, Thrift Operations, Consumer Finance Operations, Securities Operations, Insurance Operations, Pension Funds, Credit Unions. |
| 700 1# - ΠΡΟΣΘΕΤΗ ΑΝΑΓΡΑΦΗ--ΦΥΣΙΚΟ ΠΡΟΣΩΠΟ | |
| Personal name | Madura Jeff |
| 9 (RLIN) | 1583 |
| 942 ## - ADDED ENTRY ELEMENTS (KOHA) | |
| Koha item type | Books |
| Τύπος τεκμηρίου | Βιβλιοθήκη | Τρέχουσα τοποθεσία | Barcode | Αριθμός εισαγωγής | Ημερομηνία απόκτησης | Ταξιθετικό σύμβολο | Αριθμός αντιτύπου | Κατάσταση απόσυρσης | Κατάσταση χαμένου | Κατάσταση κατεστραμμένου | Μη δανεισμός | Σύνολο δανεισμών | Ημερομηνία τελευταίας εμφάνισης | Η τιμή ισχύει από |
|---|---|---|---|---|---|---|---|---|---|---|---|---|---|---|
| Books | MC Athens Campus Library | MC Athens Campus Library | 9780000057280 | 7235 | 05/06/2025 | 332 MAD | 1 | 05/06/2025 | 05/06/2025 |